000 00491cam a22001457a 4500
008 180718b1990 xxu||||| |||| 00| 0 eng d
082 _aR2 D444
100 _aDerber, Charles
245 _aPower in the highest degree: professionals and the rise of a new mandarin order
_cby Charles Derber, William A. Schwartz and Yale Magrass
260 _aNew York
_bOxford University Press
_c1990
300 _a275p.
650 _aOccupations
700 _aMagrass, Yale
700 _aSchwartz, William A.
999 _c343878
_d343878